000
00330nam a22001457a 4500
008
210310b ||||| |||| 00| 0 eng d
020
_a
9780534573799
041
_a
eng
080
_a
159.9
082
_a
159.9
100
_a
48
101
_a
PSI
245
_a
Counseling Adolsecents and Children
_c
Pledge,D.S
942
_2
udc
_c
BK
999
_c
56224
_d
56224